| 000 | 00511nam a22001817a 4500 | ||
|---|---|---|---|
| 999 |
_c165513 _d165513 |
||
| 005 | 20190620155741.0 | ||
| 010 | _aB-030201 | ||
| 020 |
_a8126008075 _c200.00 |
||
| 035 | _aB-030201 | ||
| 037 | _bSahitya Akademi | ||
| 082 | _a808.81 | ||
| 100 | _aSreekantaiyaya, T.N. | ||
| 245 |
_aIndian Poetics/ _c T.N. Sreekantaiyaya |
||
| 260 |
_aNew Delhi _bSahitya Akademi _c2001 |
||
| 300 |
_a402p. _c22cm.(Hb) |
||
| 942 |
_2ddc _cEN _h808.81 _mSRE |
||